Statystyki dla Dopasuj ludność Polski roku 1955-2020

Kliknij tutaj aby rozwiązać quiz!

Ogólne statystyki

  • Ten quiz został rozwiązany 25 razy
  • Średni wynik to 11 z 15

Statystyki odpowiedzi

Populacjarok% Poprawnych
37,846,6112020
87%
38,556,6932000
83%
31,360,9071965
78%
29,614,2011960
74%
32,639,2581970
74%
35,539,7201980
74%
37,960,1931990
74%
38,458,6381995
74%
38,368,9492005
74%
38,329,7812010
74%
38,034,0792015
74%
27,269,7491955
70%
33,970,7241975
70%
37,133,8701985
65%
37,764,6812022
43%

Rozkład punktacji

Percentyl według liczby udzielonych odpowiedzi

Procent ludzi z każdym wynikiem

Twoja historia wyników

Nie rozwiązałeś tego quizu